LEADER 00817nam0-22002891i-450- 001 990004256170403321 005 19990530 035 $a000425617 035 $aFED01000425617 035 $a(Aleph)000425617FED01 035 $a000425617 100 $a19990530d1960----km-y0itay50------ba 101 0 $agrc???????? controllare 105 $ay-------001yy 200 1 $a<>Persae$aof Aeschylus$ged. by H.D. Brodhead 210 $aCambridge$cUniversity Press$d1960 215 $aLXXIII, 350 p. 700 1$aAeschylus$f$0153340 702 1$aBrodhead,$bH.D. 801 0$aIT$bUNINA$gRICA$2UNIMARC 901 $aBK 912 $a990004256170403321 952 $aC. G. AESCHY PER$b1314$fFLFBC 959 $aFLFBC 996 $aOf Aeschylus$9480655 996 $aTragoediae$918700 997 $aUNINA LEADER 01328nam a2200361 i 4500 001 991001274839707536 005 20020507190442.0 008 001025s1995 uk ||| | eng 020 $a0521467551 035 $ab1082487x-39ule_inst 035 $aLE01309779$9ExL 040 $aDip.to Matematica$beng 082 0 $a512.74 084 $aAMS 11E81 084 $aAMS 12D15 084 $aAMS 12J25 084 $aAMS 55M99 084 $aQA243.P45 100 1 $aPfister, Albrecht$061266 245 10$aQuadratic forms with applications to algebraic geometry and topology /$cAlbrecht Pfister 260 $aCambridge ; New York :$bCambridge University Press,$c1995 300 $aviii, 179 p. :$bill. ;$c23 cm 490 0 $aLondon Mathematical Society lecture note series,$x0076-0552 ;$v217 500 $aIncludes bibliographical references (p. [166]-175) and index 650 0$aAlgebraic geometry 650 0$aQuadratic forms 650 0$aTopology 907 $a.b1082487x$b23-02-17$c28-06-02 912 $a991001274839707536 945 $aLE013 11E PFI11 (1995)$g1$i2013000122717$lle013$o-$pE0.00$q-$rl$s- $t0$u0$v0$w0$x0$y.i10932616$z28-06-02 996 $aQuadratic forms with applications to algebraic geometry and topology$9375760 997 $aUNISALENTO 998 $ale013$b01-01-00$cm$da $e-$feng$guk $h0$i1 LEADER 01230nam0 22002771i 450 001 UON00091878 005 20231205102514.633 100 $a20020107d1995 |0itac50 ba 101 $aspa 102 $aES 105 $a|||| ||||| 200 1 $aCeltas y turdulos$ela Beturia$fA. Velazquez, J.J. Enriquez Editores 210 $aMerida$cMuseo Nacional de Arte Romano$d1995 329 p.$ctav. ; 23 cm 410 1$1001UON00087484$12001 $aCuadernos Emeritenses$1210 $aMerida$cMuseo Nacional de Arte Romano$d1989-$1300 $aPeriodicità irregolare$v9 606 $aArcheologia$xSpagna$3UONC027226$2FI 620 $aES$dMérida$3UONL002380 686 $aN3$cTOPOGRAFIA MEDITERRANEO OCCIDENTALE ED EUROPA CONTINENTALE$2A 702 1$aENRIQUEZ NAVASCUES$bJuan Javier$3UONV059170 702 1$aVELÁZQUEZ$bAgustín$3UONV059167 712 $aMuseo Nacional de Arte Romano$3UONV259708$4650 801 $aIT$bSOL$c20250711$gRICA 899 $aSIBA - SISTEMA BIBLIOTECARIO DI ATENEO$2UONSI 912 $aUON00091878 950 $aSIBA - SISTEMA BIBLIOTECARIO DI ATENEO$dSI N 3 HISP. 002 $eSI MC 19148 5 996 $aCeltas y turdulos$91303947 997 $aUNIOR